| 000 | 00563nam a2200205Ia 4500 | ||
|---|---|---|---|
| 003 | OSt | ||
| 005 | 20221007081953.0 | ||
| 006 | a|||||r|||| 00| 0 | ||
| 007 | ta | ||
| 008 | 221006b |||||||| |||| 00| 0 eng d | ||
| 024 | _a29,738 | ||
| 037 | _cReports / Technical Reports | ||
| 040 |
_aFLL _cFLL _beng |
||
| 041 |
_2eng _aeng |
||
| 245 | 0 | _aLabour migration in Asia | |
| 260 |
_aSwitzerland _bInternational Organization for migration Switzerland _c2005 |
||
| 300 |
_a358p _ccm. |
||
| 942 |
_cREP _2CC |
||
| 999 |
_c1164895 _d1164895 |
||